LIBRARY & INFORMATION CENTRE, KCAET, TAVANUR

ONLINE PUBLIC ACCESS CATALOGUE (OPAC)

Development of rational formula to predict the advance and recession flow in border irrigation method (Record no. 15252)

MARC details
000 -LEADER
fixed length control field 00692nam a22001697a 4500
003 - CONTROL NUMBER IDENTIFIER
control field OSt
088 ## - REPORT NUMBER
Report number T 12
100 ## - MAIN ENTRY--AUTHOR NAME
Personal name MARY REGINA F
245 ## - TITLE STATEMENT
Title Development of rational formula to predict the advance and recession flow in border irrigation method
260 ## - PUBLICATION, DISTRIBUTION, ETC. (IMPRINT)
Place of publication Tavanur 1992
Name of publisher Kelappaji college of Agricultural Engineering and Technology
300 ## - PHYSICAL DESCRIPTION
Number of Pages 112
500 ## - GENERAL NOTE
General note Development of rational formula to predict the advance and recession flow in border irrigation method
520 ## - SUMMARY, ETC.
Summary, etc Development of rational formula to predict the advance and recession flow in border irrigation method
700 ## - ADDED ENTRY--PERSONAL NAME
Personal name Dr. A. N. Remadevi (Guide)
942 ## - ADDED ENTRY ELEMENTS (KOHA)
Koha item type Theses
Holdings
Collection code Home library Current library Shelving location Full call number Accession Number Koha item type Public note
Reference KAUAET KAUAET Reference 631.587 MAR/DE T 12 Theses M.Tech Thesis
free website counter